Score 0/24 Timer 03:00
0 Plays Today
Movie Missing Word % Correct
The Blair ____ ProjectWitch
96.7%
____ and JillJack
95.7%
____ v Superman: Dawn of JusticeBatman
91.2%
____ EarpWyatt
90%
The Lone ____Ranger
89.9%
____ but Trouble Nothing
88.5%
Mommie ____Dearest
87.4%
Tarzan, the ____ ManApe
83%
Sheena: ____ of the Jungle Queen
82.2%
____ to Trot Hot
81.7%
Indecent ____Proposal
81.2%
I Now Pronounce You Chuck & ____Larry
80.2%
Movie Missing Word % Correct
The Bonfire of the ____Vanities
74.8%
Tough ____ Don't Dance Guys
68.9%
Land of the ____Lost
59.8%
Cool as ____Ice
59.5%
____ AscendingJupiter
58.2%
Spice ____World
54.9%
Body of ____Evidence
52.1%
From Justin to ____Kelly
40.3%
____ of the Dragon Year
30.9%
____ in the WaterLady
30.7%
____ Analysis Final
29.4%
____ WireBarb
27.2%

Today's Daily Dose

Word Ladder
I Have a Dream

Get the Picture
January Holidays

Remove Ads.
Support Sporcle.
Get the best of Sporcle when you Go Orange. This ad-free experience offers more features, more stats, and more fun while also helping to support Sporcle. Thank you for becoming a member.

You're not logged in!

Compare scores with friends on all Sporcle quizzes.
OR
Log In

Show Comments

Extras

Top Quizzes Today


Score Distribution

Your Account Isn't Verified!

In order to create a playlist on Sporcle, you need to verify the email address you used during registration. Go to your Sporcle Settings to finish the process.

Report this User

Report this user for behavior that violates our Community Guidelines.

Details: